[Event "XI Festival A"]
[Site "Verona ITA"]
[Date "2005.01.09"]
[Round "9"]
[White "Brunello, Sabino"]
[Black "Borgo, Giulio"]
[Result "1-0"]
[WhiteElo "2268"]
[BlackElo "2381"]
[PlyCount "133"]
[EventDate "2005.01.02"]

1. e4 c5 2. Nf3 Nc6 3. Nc3 e6 4. d4 cxd4 5. Nxd4 Qb6 6. Nb3 Nf6 7. Be3 Qc7 8.
f4 d6 9. g4 h6 10. Qe2 a6 11. Bg2 b5 12. O-O-O b4 13. Na4 Rb8 14. Kb1 Be7 15.
h4 h5 16. g5 Ng4 17. Bg1 g6 18. e5 d5 19. Bf3 Na7 20. Nac5 Nb5 21. Bxg4 hxg4
22. Qxg4 Rh5 23. Rh3 a5 24. Na4 Qc6 25. Bc5 Bd8 26. Qg1 Bd7 27. Qf2 Nc7 28. Ba7
Ra8 29. Nb6 Rxa7 30. Nxd7 Nb5 31. Nf6+ Bxf6 32. exf6 a4 33. Nd4 Qb6 34. Qg1
Nc3+ 35. bxc3 bxc3+ 36. Nb3 Qxg1 37. Rxg1 Rb7 38. Rgg3 axb3 39. axb3 d4 40. Rd3
Rd7 41. Ka2 Rd5 42. b4 Kd7 43. Kb3 Rh8 44. Rd1 Kd6 45. Rhd3 Rxh4 46. Rxd4 Rxf4
47. Kxc3 Rff5 48. Kb3 Kc6 49. c4 Rxd4 50. Rxd4 Rxg5 51. Rd8 Rf5 52. b5+ Kc7 53.
Re8 Rxf6 54. Kb4 Rf1 55. Re7+ Kd6 56. Ra7 Rb1+ 57. Ka5 f5 58. Kb6 Rc1 59. Rc7
f4 60. c5+ Kd5 61. Rd7+ Kc4 62. Kc6 e5 63. b6 f3 64. b7 Rb1 65. Rf7 e4 66. Kd6
e3 67. Rxf3 1-0

[Event "XI Festival A"]
[Site "Verona ITA"]
[Date "2005.01.09"]
[Round "9"]
[White "Bruno, Fabio"]
[Black "Scharrer, Patrick"]
[Result "1/2-1/2"]
[WhiteElo "2379"]
[BlackElo "2206"]
[PlyCount "43"]
[EventDate "2005.01.02"]

1. d4 Nf6 2. Nf3 g6 3. Bf4 Bg7 4. e3 d6 5. h3 O-O 6. Be2 c5 7. Nbd2 Nc6 8. c3
cxd4 9. exd4 Be6 10. O-O Qb6 11. Qb1 Rac8 12. Bd3 Bd5 13. Re1 Nh5 14. Bh2 Rfe8
15. Be4 Nf6 16. Bxd5 Nxd5 17. Nc4 Qb5 18. Nfd2 Na5 19. a4 Qa6 20. Ne3 Nxe3 21.
Rxe3 e6 22. Qe4 1/2-1/2

[Event "XI Festival A"]
[Site "Verona ITA"]
[Date "2005.01.09"]
[Round "9"]
[White "Buchicchio, Giampaolo"]
[Black "Martinez, Rolly"]
[Result "1/2-1/2"]
[WhiteElo "2288"]
[BlackElo "2416"]
[PlyCount "106"]
[EventDate "2005.01.02"]

1. e4 c5 2. c3 Nf6 3. e5 Nd5 4. d4 cxd4 5. Nf3 Nc6 6. cxd4 d6 7. Bc4 e6 8. O-O
Be7 9. Qe2 O-O 10. Nc3 Nxc3 11. bxc3 Qc7 12. exd6 Bxd6 13. Re1 Bd7 14. Bd3 Ne7
15. Ne5 Bxe5 16. dxe5 Qxc3 17. Bd2 Qd4 18. Rad1 Ba4 19. Rb1 Rfd8 20. Bg5 Qxd3
21. Bxe7 Qxe2 22. Rxe2 Rd7 23. Bd6 Rc8 24. Ree1 f6 25. Rbc1 Rxc1 26. Rxc1 fxe5
27. Bxe5 Rd5 28. Rc8+ Kf7 29. f4 Rd7 30. g4 Bc6 31. Kf2 h5 32. gxh5 Rd2+ 33.
Kg3 Rg2+ 34. Kh3 Be4 35. Rc4 Bd5 36. Rc5 Be4 37. Rc4 Bf3 38. Rc3 Bd5 39. Rc5
Be4 40. Rc4 Bd5 41. Rc5 Be4 42. Rc4 Bf3 43. a3 Kg8 44. Rc3 Be4 45. Re3 Bd5 46.
Rg3 Rxg3+ 47. hxg3 Kh7 48. g4 b5 49. Kh4 a5 50. Bc3 b4 51. axb4 axb4 52. Bxb4
Bf3 53. g5 g6 1/2-1/2

[Event "XI Festival A"]
[Site "Verona ITA"]
[Date "2005.01.09"]
[Round "9"]
[White "Capitelli, Paolo"]
[Black "Bertani, Gianfranco"]
[Result "1-0"]
[WhiteElo "2161"]
[BlackElo "2123"]
[PlyCount "143"]
[EventDate "2005.01.02"]

1. e4 c5 2. Nf3 Nc6 3. d4 cxd4 4. Nxd4 Nf6 5. Nc3 d6 6. Be2 g6 7. Be3 Bg7 8. f3
O-O 9. Qd2 Bd7 10. O-O-O Rc8 11. h4 Qa5 12. Nb3 Qc7 13. Bh6 Bxh6 14. Qxh6 Nb4
15. Qd2 a5 16. a3 Be6 17. Nd4 Bc4 18. axb4 axb4 19. Nb1 e5 20. Bxc4 Qxc4 21.
Ne2 Nd7 22. Qd3 Qa2 23. Qd5 Rc4 24. Nec3 Rfc8 25. Qxb7 bxc3 26. Nxc3 Rxc3 27.
bxc3 Qa1+ 28. Kd2 Qxc3+ 29. Ke2 Qxc2+ 30. Rd2 Qc4+ 31. Kf2 Qc5+ 32. Kg3 Nf6 33.
Rhd1 Kg7 34. Rxd6 Rc7 35. Qb2 Re7 36. Kh2 Qe3 37. Qd2 Qb3 38. Qg5 Re6 39. Rxe6
Qxe6 40. Qd2 Qb3 41. Qd3 Qb2 42. Rd2 Qa1 43. Qe3 Nh5 44. Rd7 Qb2 45. Qa7 Qb3
46. Qc5 Qe6 47. Re7 Qf6 48. Qxe5 Nf4 49. Qxf6+ Kxf6 50. Ra7 Nd3 51. Kg3 Nc5 52.
Kf4 h6 53. Ke3 g5 54. hxg5+ hxg5 55. g3 Kg6 56. f4 gxf4+ 57. gxf4 f6 58. f5+
Kh6 59. Rf7 Kg5 60. Rg7+ Kh6 61. Rg6+ Kh7 62. Rxf6 Kg7 63. Rc6 Nb3 64. Kf4 Nd4
65. Rc7+ Kf8 66. e5 Ke8 67. e6 Ne2+ 68. Ke5 Ng1 69. f6 Nf3+ 70. Kd6 Kd8 71. e7+
Ke8 72. Rc8+ 1-0

[Event "XI Festival A"]
[Site "Verona ITA"]
[Date "2005.01.09"]
[Round "9"]
[White "Caruso, Augusto"]
[Black "Sbarra, Marco"]
[Result "1-0"]
[WhiteElo "2214"]
[BlackElo "2204"]
[PlyCount "47"]
[EventDate "2005.01.02"]

1. Nc3 e5 2. Nf3 Nc6 3. d4 exd4 4. Nxd4 Nf6 5. Bg5 d5 6. e4 Bb4 7. Nxc6 bxc6 8.
Qd4 Bxc3+ 9. Qxc3 dxe4 10. Rd1 Bd7 11. Qe5+ Qe7 12. Qxc7 e3 13. fxe3 O-O 14.
Be2 Rfe8 15. O-O Be6 16. Qxe7 Rxe7 17. Bxf6 gxf6 18. Rxf6 a5 19. Bf3 Kg7 20.
Rf4 Ra6 21. Rd6 Rb7 22. b3 a4 23. Rxc6 axb3 24. axb3 1-0

[Event "XI Festival A"]
[Site "Verona ITA"]
[Date "2005.01.09"]
[Round "9"]
[White "Danieli, Enrico"]
[Black "Esposito, Luca"]
[Result "1/2-1/2"]
[WhiteElo "2150"]
[BlackElo "2212"]
[PlyCount "150"]
[EventDate "2005.01.02"]

1. d4 Nf6 2. Nf3 e6 3. e3 b6 4. Bd3 Bb7 5. O-O c5 6. b3 Be7 7. Bb2 O-O 8. c4 d6
9. Nc3 cxd4 10. exd4 Nbd7 11. Re1 Re8 12. Qe2 Rc8 13. Rad1 Qc7 14. Bb1 d5 15.
Ne5 dxc4 16. Nb5 Qb8 17. bxc4 Rcd8 18. g4 a6 19. Nc3 Nxe5 20. dxe5 Nd7 21. Qc2
Nf8 22. Ne4 Qc7 23. Ng3 Rxd1 24. Rxd1 Bf3 25. Rd4 Qxe5 26. Qd2 Qg5 27. Qxg5
Bxg5 28. h3 Be7 29. Rd3 Bc6 30. Nh5 f6 31. Rd1 Nd7 32. Nf4 Nc5 33. Ba3 Kf7 34.
Bxh7 Be4 35. Bxc5 Bxh7 36. Bxb6 g5 37. Nd3 Rc8 38. Nb2 Be4 39. Rd7 Bc6 40. Rc7
Rxc7 41. Bxc7 Ba3 42. Nd1 Bc5 43. Ba5 Be4 44. Nc3 Bd3 45. Na4 Bd4 46. Bb6 Be5
47. Nc5 Bxc4 48. a4 Ke7 49. Ne4 Kd7 50. f3 Bd5 51. Kf2 Kc6 52. Bd8 Bxe4 53.
fxe4 Kc5 54. a5 Kd4 55. Kf3 Kd3 56. Be7 Bc3 57. Bd8 Bb2 58. Be7 Be5 59. Bd8 Bc3
60. Bc7 Bd4 61. Bd8 Kc4 62. Ke2 Be5 63. Be7 Kb5 64. Bd8 Kc6 65. Kd3 Kd7 66. Bb6
Bc7 67. Bd4 Bxa5 68. Bxf6 Bd8 69. Bb2 Kc6 70. Kc4 Bc7 71. Bf6 Bf4 72. h4 gxh4
73. Bxh4 Kd6 74. Bd8 Kd7 75. Bf6 Bd6 1/2-1/2

[Event "XI Festival A"]
[Site "Verona ITA"]
[Date "2005.01.09"]
[Round "9"]
[White "Godena, Michele"]
[Black "Horvath, Jozsef"]
[Result "1/2-1/2"]
[WhiteElo "2544"]
[BlackElo "2514"]
[PlyCount "20"]
[EventDate "2005.01.02"]

1. e4 e6 2. d4 d5 3. Nd2 dxe4 4. Nxe4 Bd7 5. Nf3 Bc6 6. Bd3 Nd7 7. O-O Ngf6 8.
Qe2 Bxe4 9. Bxe4 Nxe4 10. Qxe4 c6 1/2-1/2

[Event "XI Festival A"]
[Site "Verona ITA"]
[Date "2005.01.09"]
[Round "9"]
[White "Guglielmi, Dante"]
[Black "Padovani, Alessio"]
[Result "1-0"]
[WhiteElo "2113"]
[BlackElo "2091"]
[PlyCount "37"]
[EventDate "2005.01.02"]

1. c4 b6 2. d4 Bb7 3. Nf3 e6 4. Nc3 f5 5. g3 Nf6 6. Bg2 Be7 7. O-O O-O 8. a3
Qe8 9. d5 exd5 10. Nd4 Qh5 11. e3 Qg6 12. Nde2 Bd6 13. Nxd5 Nc6 14. Nec3 a6 15.
b4 Ne4 16. Bb2 Ne5 17. Nxe4 fxe4 18. Bxe5 Bxe5 19. Ne7+ 1-0

[Event "XI Festival A"]
[Site "Verona ITA"]
[Date "2005.01.09"]
[Round "9"]
[White "Guido, Flavio"]
[Black "Cocchi, Andrea"]
[Result "0-1"]
[WhiteElo "2342"]
[BlackElo "2290"]
[PlyCount "66"]
[EventDate "2005.01.02"]

1. e4 c6 2. d4 d5 3. exd5 cxd5 4. c4 Nf6 5. Nc3 e6 6. Nf3 Bb4 7. cxd5 Nxd5 8.
Qc2 Nc6 9. Be2 O-O 10. O-O Be7 11. Rd1 Nxc3 12. bxc3 Bf6 13. Rb1 b6 14. h4 Bb7
15. Ng5 g6 16. Qe4 Nxd4 17. Qd3 Nxe2+ 18. Qxe2 Qe7 19. c4 Rfd8 20. Be3 Rxd1+
21. Rxd1 Rd8 22. Rxd8+ Qxd8 23. c5 Qd5 24. f3 bxc5 25. Qb5 Qc6 26. Qc4 a6 27.
Bxc5 Qd5 28. Qb4 Qd7 29. Qf4 Bg7 30. Qb8+ Qc8 31. Qd6 h6 32. Ne4 Bxe4 33. fxe4
Bf8 0-1

[Event "XI Festival A"]
[Site "Verona ITA"]
[Date "2005.01.09"]
[Round "9"]
[White "Miatello, Alberto"]
[Black "Delizia, Costantino"]
[Result "0-1"]
[WhiteElo "2080"]
[BlackElo "2152"]
[PlyCount "46"]
[EventDate "2005.01.02"]

1. e4 e6 2. d4 d5 3. e5 c5 4. c3 Nc6 5. Nf3 Qb6 6. Bd3 cxd4 7. cxd4 Bd7 8. O-O
Nxd4 9. Nxd4 Qxd4 10. Qe2 Ne7 11. Nc3 a6 12. Kh1 Nc6 13. f4 Nb4 14. Bb1 Bc5 15.
a3 Nc6 16. Nd1 Qc4 17. Bd3 Qb3 18. Nc3 Ba7 19. Rd1 g6 20. Bd2 O-O 21. Be1 f6
22. Bc2 Qb6 23. Bxg6 Qg1# 0-1

[Event "XI Festival A"]
[Site "Verona ITA"]
[Date "2005.01.09"]
[Round "9"]
[White "Pechy, Alaster"]
[Black "Facchetti, Gianni"]
[Result "1-0"]
[WhiteElo "2176"]
[BlackElo "2162"]
[PlyCount "149"]
[EventDate "2005.01.02"]

1. c4 Nf6 2. Nc3 d6 3. d4 Nbd7 4. e4 e5 5. d5 a5 6. f3 Nc5 7. Be3 Nfd7 8. Qd2
Be7 9. O-O-O h6 10. g3 b6 11. h4 Nf6 12. Kb1 Nh5 13. Nge2 f5 14. Bxc5 bxc5 15.
Bh3 fxe4 16. Bxc8 Qxc8 17. Nxe4 O-O 18. Rdf1 a4 19. g4 Nf4 20. N2g3 Qa6 21. Qc2
Rab8 22. Nf5 Bd8 23. Ka1 Rb4 24. Rc1 Kf7 25. Rh2 Rh8 26. h5 Rf8 27. Nfg3 Kg8
28. Ne2 Be7 29. Nxf4 Rxf4 30. Qd3 Qc8 31. Rhc2 Qf8 32. Rc3 Qb8 33. Qc2 Qb7 34.
Rg1 Qc8 35. a3 Rb3 36. Rxb3 axb3 37. Qxb3 Qf8 38. Rg3 Bh4 39. Rh3 Be1 40. Qd1
Ba5 41. Qd3 Qf7 42. Ka2 Kf8 43. Qd1 Kg8 44. Qb3 Qe7 45. Qb8+ Rf8 46. Qb3 Kh8
47. Qa4 Be1 48. g5 hxg5 49. h6 Bh4 50. hxg7+ Kxg7 51. Qc2 Rh8 52. Qg2 Rh6 53.
Qg4 Rg6 54. Rh1 Qf7 55. Rg1 Kh6 56. Rg2 c6 57. Rd2 cxd5 58. Rxd5 Qf8 59. Qh3
Qd8 60. Qf5 Be1 61. Qxe5 Bh4 62. Qh2 Kg7 63. Nxd6 Qf8 64. Nf5+ Kg8 65. Nxh4
gxh4 66. Qxh4 Qxf3 67. Rd8+ Kf7 68. Rd7+ Ke6 69. Qe7+ Kf5 70. Qxc5+ Kg4 71.
Qd4+ Kh3 72. Rh7+ Kg2 73. Qd2+ Kf1 74. Qc1+ Ke2 75. Qc2+ 1-0

[Event "XI Festival A"]
[Site "Verona ITA"]
[Date "2005.01.09"]
[Round "9"]
[White "Petraki, Maria"]
[Black "Astengo, Corrado"]
[Result "1/2-1/2"]
[WhiteElo "2128"]
[BlackElo "2139"]
[PlyCount "60"]
[EventDate "2005.01.02"]

1. e4 c5 2. Nc3 Nc6 3. Bb5 e6 4. Bxc6 bxc6 5. d3 d5 6. f4 Nf6 7. e5 Nd7 8. Nf3
Be7 9. O-O O-O 10. Na4 f6 11. c4 fxe5 12. fxe5 Qc7 13. Qe2 Nb6 14. Nc3 Bd7 15.
b3 Be8 16. h3 Bg6 17. Ba3 Rad8 18. Rad1 Rf7 19. Rfe1 Bh5 20. g4 Rdf8 21. Rf1
Bg6 22. Bc1 Nd7 23. Rde1 h5 24. g5 Bf5 25. Kg2 g6 26. cxd5 cxd5 27. Nh4 Qd8 28.
Nf3 Qc7 29. Nh4 Qd8 30. Nf3 Qc7 1/2-1/2

[Event "XI Festival A"]
[Site "Verona ITA"]
[Date "2005.01.09"]
[Round "9"]
[White "Popa, Florin"]
[Black "Schiraldi, Mauro"]
[Result "0-1"]
[WhiteElo "2216"]
[BlackElo "2055"]
[PlyCount "124"]
[EventDate "2005.01.02"]

1. e4 c5 2. b3 Nc6 3. Bb2 d6 4. Bb5 Bd7 5. c4 Nb4 6. Bxd7+ Qxd7 7. d4 cxd4 8.
Bxd4 b5 9. Bc3 Na6 10. Qe2 bxc4 11. Qxc4 Nc7 12. Nf3 Rc8 13. O-O Nb5 14. Qd3
Nxc3 15. Nxc3 Nf6 16. Rac1 g6 17. Nd5 Nxd5 18. Rxc8+ Qxc8 19. exd5 Qc5 20. b4
Qc7 21. Qb5+ Qd7 22. Qb8+ Qd8 23. Qb5+ Qd7 24. Qb8+ Qd8 25. Qxa7 Bg7 26. Qa4+
Qd7 27. Qa8+ Qd8 28. Qc6+ Kf8 29. b5 Bf6 30. b6 Kg7 31. Rc1 Qb8 32. Rc2 Re8 33.
b7 e5 34. Qc8 Rd8 35. Nd2 Bg5 36. Ne4 Rxc8 37. bxc8=Q Qb1+ 38. Rc1 Bxc1 39. Nc3
Qc2 40. g3 Bb2 41. Qc6 Bxc3 42. a4 Qb2 43. Qxd6 Bd4 44. Kg2 Qxf2+ 45. Kh3 Qf1+
46. Kh4 Qf6+ 47. Qxf6+ Kxf6 48. a5 h6 49. g4 Bf2+ 50. Kh3 g5 51. Kg2 Bd4 52.
Kf3 Ke7 53. Ke4 Kd6 54. h3 Ba7 55. a6 Bd4 56. Kf5 Kxd5 57. Kf6 e4+ 58. Kxf7 Ke5
59. Kg6 Kf4 60. Kxh6 e3 61. h4 gxh4 62. g5 h3 0-1

[Event "XI Festival A"]
[Site "Verona ITA"]
[Date "2005.01.09"]
[Round "9"]
[White "Santurbano, Maria Vincenza"]
[Black "Perryman, Marcus"]
[Result "1/2-1/2"]
[WhiteElo "1984"]
[BlackElo "2077"]
[PlyCount "56"]
[EventDate "2005.01.02"]

1. e4 c5 2. Nf3 d6 3. c3 Nf6 4. Be2 Nc6 5. d4 cxd4 6. cxd4 Nxe4 7. O-O e6 8. d5
exd5 9. Qxd5 Nf6 10. Qg5 h6 11. Qe3+ Be7 12. Nc3 O-O 13. Bc4 Re8 14. Qd3 a6 15.
a3 Ne5 16. Nxe5 dxe5 17. Qg3 Kf8 18. Be3 Qc7 19. Ba2 Bc5 20. Rac1 Bxe3 21. fxe3
Be6 22. Nd5 Qa5 23. Nxf6 gxf6 24. Bxe6 Rxe6 25. Qh3 Qb6 26. Qxh6+ Ke7 27. Rc2
Rc6 28. Rfc1 Rac8 1/2-1/2

[Event "XI Festival A"]
[Site "Verona ITA"]
[Date "2005.01.09"]
[Round "9"]
[White "Skembris, Spyridon"]
[Black "Lettieri, Giuseppe"]
[Result "1-0"]
[WhiteElo "2445"]
[BlackElo "2202"]
[PlyCount "95"]
[EventDate "2005.01.02"]

1. Nf3 c5 2. c4 Nf6 3. Nc3 g6 4. g3 Bg7 5. Bg2 Nc6 6. d4 cxd4 7. Nxd4 Nxd4 8.
Qxd4 O-O 9. O-O d6 10. Qd3 a6 11. Bg5 Rb8 12. Rfd1 Be6 13. c5 dxc5 14. Qxd8
Rfxd8 15. Bf4 Rxd1+ 16. Rxd1 Rc8 17. Bxb7 Nh5 18. Be3 Rb8 19. Bxa6 Bd4 20. Bxd4
cxd4 21. Rxd4 Rxb2 22. Bc4 Rb4 23. Rd8+ Kg7 24. Bxe6 fxe6 25. f3 Nf6 26. Kf2
Rb2 27. a4 Rb3 28. Nb5 Rb4 29. Rd4 Rb2 30. Rd3 Nd5 31. Nd4 Kf6 32. Ra3 e5 33.
Nb3 Nc3 34. Nd2 Rxd2 35. Rxc3 Ra2 36. Rc4 Ke6 37. h4 h5 38. Rb4 Kf5 39. Re4 Ra3
40. Ke1 Ra2 41. Kd1 Ke6 42. Kc1 Ra1+ 43. Kb2 Rd1 44. a5 Rd5 45. Ra4 Rb5+ 46.
Kc3 Kd5 47. a6 Rb8 48. Ra5+ 1-0

[Event "XI Festival A"]
[Site "Verona ITA"]
[Date "2005.01.09"]
[Round "9"]
[White "Trabert, Bettina"]
[Black "Opacic, Alexandar"]
[Result "1-0"]
[WhiteElo "2357"]
[BlackElo "2140"]
[PlyCount "59"]
[EventDate "2005.01.02"]

1. e4 c5 2. Nf3 d6 3. d4 cxd4 4. Nxd4 Nf6 5. Nc3 Nc6 6. Bg5 e6 7. Qd2 a6 8.
O-O-O Be7 9. f3 Bd7 10. h4 Qc7 11. Kb1 h6 12. Be3 Ne5 13. g4 b5 14. Bd3 b4 15.
Nce2 h5 16. g5 Ng8 17. Qxb4 Bf8 18. Rhf1 Ne7 19. Qe1 N7c6 20. Nxc6 Bxc6 21. Nd4
g6 22. Nxc6 Nxc6 23. Qc3 e5 24. f4 Be7 25. f5 O-O 26. Bc4 Kh7 27. Bd5 Rac8 28.
fxg6+ fxg6 29. Rxf8 Bxf8 30. Rf1 1-0

[Event "XI Festival A"]
[Site "Verona ITA"]
[Date "2005.01.09"]
[Round "9"]
[White "Vocaturo, Daniele"]
[Black "Salvador, Roland"]
[Result "0-1"]
[WhiteElo "2276"]
[BlackElo "2340"]
[PlyCount "112"]
[EventDate "2005.01.02"]

1. e4 c5 2. Nf3 Nc6 3. d4 cxd4 4. Nxd4 Nf6 5. Nc3 e5 6. Ndb5 d6 7. Bg5 a6 8.
Na3 b5 9. Nd5 Be7 10. Bxf6 Bxf6 11. c3 O-O 12. Nc2 Bg5 13. a4 bxa4 14. Rxa4 a5
15. Bc4 Rb8 16. Ra2 Kh8 17. Nce3 g6 18. O-O f5 19. exf5 gxf5 20. Qh5 Be6 21. f4
exf4 22. Nxf4 Bxf4 23. Rxf4 Qb6 24. Qf3 Bxc4 25. Rxc4 Ne5 26. Qf2 f4 27. Rxf4
Rxf4 28. Qxf4 Ng4 29. Rxa5 Qxe3+ 30. Qxe3 Nxe3 31. b4 Rc8 32. Ra3 Kg7 33. b5
Rb8 34. Ra6 d5 35. b6 Nd1 36. Ra7+ Kg6 37. Rc7 Rxb6 38. c4 Re6 39. h3 d4 40.
Rd7 Nc3 41. Kf1 Ne2 42. c5 Kf5 43. c6 Ng3+ 44. Kf2 Ne4+ 45. Kf3 Nd2+ 46. Kf2
Ke4 47. Ke2 Nc4 48. c7 Rc6 49. Re7+ Ne5 50. Rxh7 d3+ 51. Kd1 Nc4 52. Rd7 Ne3+
53. Ke1 Rc1+ 54. Kf2 Rc2+ 55. Kg3 Nd5 56. h4 d2 0-1

[Event "XXII Open Eporediese"]
[Site "Ivrea ITA"]
[Date "2005.01.20"]
[Round "1"]
[White "Ranieri, Fabrizio"]
[Black "Turino, Luca"]
[Result "1/2-1/2"]
[WhiteElo "2211"]
[BlackElo "1676"]
[PlyCount "78"]
[EventDate "2005.01.20"]

1. e4 e5 2. Nf3 Nc6 3. Bc4 Bc5 4. O-O d6 5. d4 Nxd4 6. Nxd4 Bxd4 7. c3 Bb6 8.
a4 a6 9. a5 Ba7 10. Qb3 Qe7 11. Kh1 g5 12. Na3 Rb8 13. Nc2 h6 14. Be3 Bxe3 15.
Nxe3 Nf6 16. f3 Be6 17. Ra4 O-O 18. Rb4 c6 19. Bxe6 Qxe6 20. c4 Nd7 21. Nf5 Nc5
22. Qe3 Rfd8 23. h4 Qf6 24. g3 Ne6 25. Kg2 Nd4 26. hxg5 Nxf5 27. exf5 Qxg5 28.
f4 exf4 29. Rxf4 Re8 30. Qf3 Qe7 31. Rb3 Qe2+ 32. Qxe2 Rxe2+ 33. Kf3 Re5 34.
Rd3 Rd8 35. b4 d5 36. g4 Kg7 37. b5 cxb5 38. cxb5 axb5 39. Rb4 Kf6 1/2-1/2

[Event "XXII Open Eporediese"]
[Site "Ivrea ITA"]
[Date "2005.01.20"]
[Round "1"]
[White "Scassiano, Gianpiero"]
[Black "Castaldo, Folco"]
[Result "0-1"]
[WhiteElo "1568"]
[BlackElo "2361"]
[PlyCount "49"]
[EventDate "2005.01.20"]

1. e4 d6 2. Nf3 Nf6 3. Nc3 g6 4. Bc4 Bg7 5. d4 Nc6 6. Be3 O-O 7. Qd3 Na5 8. Bb3
a6 9. h3 Nxb3 10. cxb3 Nd7 11. O-O-O b5 12. Kb1 Bb7 13. Rc1 e6 14. g4 b4 15.
Ne2 a5 16. h4 a4 17. bxa4 Rxa4 18. Nd2 Ba6 19. Qc2 Qa8 20. Ng3 Rxa2 21. Qb3 Nc5
22. Qxa2 Bd3+ 23. Rc2 Bxc2+ 24. Kxc2 Qxa2 25. dxc5 0-1

[Event "XXII Open Eporediese"]
[Site "Ivrea ITA"]
[Date "2005.01.27"]
[Round "2"]
[White "Castaldo, Folco"]
[Black "Paonessa, Denis"]
[Result "1-0"]
[WhiteElo "2361"]
[BlackElo "1832"]
[PlyCount "61"]
[EventDate "2005.01.20"]

1. e4 e5 2. Nf3 Nc6 3. Bc4 Nf6 4. d3 h6 5. c3 d6 6. Bb3 g6 7. h3 Bg7 8. Nbd2
O-O 9. Nf1 Qe7 10. g4 Nh7 11. Ng3 Nd8 12. Be3 Ne6 13. Qd2 Qf6 14. Ng1 Nf4 15.
O-O-O Be6 16. N1e2 Bxb3 17. axb3 Nxe2+ 18. Nxe2 Qe6 19. Kc2 f5 20. gxf5 gxf5
21. exf5 Rxf5 22. Rdg1 Kf8 23. Ng3 Rf7 24. Nh5 Ng5 25. Nxg7 Rxg7 26. Bxg5 hxg5
27. Rxg5 Rxg5 28. Qxg5 Qf7 29. Rg1 Qxf2+ 30. Kb1 Ke8 31. Qg8+ 1-0

[Event "XXII Open Eporediese"]
[Site "Ivrea ITA"]
[Date "2005.01.27"]
[Round "2"]
[White "Cordoglio, Simone"]
[Black "Ranieri, Fabrizio"]
[Result "0-1"]
[WhiteElo "1422"]
[BlackElo "2211"]
[PlyCount "48"]
[EventDate "2005.01.20"]

1. d4 d5 2. Nf3 Nf6 3. Bf4 Bg4 4. Ne5 Bh5 5. Nd2 Nbd7 6. Ndf3 e6 7. c3 Bd6 8.
h3 Ne4 9. g4 Bg6 10. h4 Bxe5 11. Nxe5 Nxe5 12. Bxe5 f6 13. h5 fxe5 14. hxg6 h6
15. f3 Ng3 16. Rh3 Nxf1 17. Kxf1 e4 18. Qc1 Qf6 19. Ke1 O-O-O 20. Qe3 Qxg6 21.
Rc1 Kb8 22. c4 exf3 23. Qxf3 Rhf8 24. Qg3 dxc4 0-1

[Event "XXII Open Eporediese"]
[Site "Ivrea ITA"]
[Date "2005.02.03"]
[Round "3"]
[White "Ranieri, Fabrizio"]
[Black "Ballarini, Andrea"]
[Result "1-0"]
[WhiteElo "2211"]
[BlackElo "1805"]
[PlyCount "59"]
[EventDate "2005.01.20"]

1. e4 d6 2. d4 Nf6 3. Nc3 g6 4. Bg5 Nbd7 5. Qd2 c6 6. f3 b5 7. Bd3 Qc7 8. Nge2
a5 9. d5 b4 10. dxc6 Qxc6 11. Bxf6 exf6 12. Nd5 Bg7 13. Qe3 Rb8 14. c3 Qc5 15.
Nd4 O-O 16. cxb4 Rxb4 17. Nxb4 Qxb4+ 18. Kf2 Qxb2+ 19. Ne2 Nc5 20. Bc4 Re8 21.
Rab1 Qe5 22. Qf4 Nxe4+ 23. fxe4 Qc5+ 24. Qe3 Qxc4 25. Rhc1 Qe6 26. Rb8 f5 27.
Nf4 Qd7 28. Nd5 fxe4 29. Rcxc8 Qf5+ 30. Kg1 1-0

[Event "XXII Open Eporediese"]
[Site "Ivrea ITA"]
[Date "2005.02.03"]
[Round "3"]
[White "Razzano, Lorenzo"]
[Black "Castaldo, Folco"]
[Result "0-1"]
[WhiteElo "1706"]
[BlackElo "2361"]
[PlyCount "66"]
[EventDate "2005.01.20"]

1. d4 e6 2. c4 f5 3. Nf3 Nf6 4. Nc3 Bb4 5. Bg5 h6 6. Bxf6 Qxf6 7. e3 Bxc3+ 8.
bxc3 b6 9. Be2 Bb7 10. Ne5 O-O 11. Bf3 c6 12. h4 d6 13. Nd3 e5 14. Be2 c5 15.
d5 Nd7 16. Kd2 b5 17. Rb1 Nb6 18. Nb2 bxc4 19. Nxc4 Bxd5 20. Nxb6 axb6 21. a4
Rfb8 22. f3 Bc6 23. Ra1 d5 24. Bb5 f4 25. Bxc6 fxe3+ 26. Ke2 Qxc6 27. Kxe3 d4+
28. cxd4 exd4+ 29. Kf2 Qd5 30. Re1 Re8 31. Rxe8+ Rxe8 32. Ra3 c4 33. Qb1 Re6
0-1

[Event "XXII Open Eporediese"]
[Site "Ivrea ITA"]
[Date "2005.02.10"]
[Round "4"]
[White "Castaldo, Folco"]
[Black "Bruno, Fabrizio P."]
[Result "1-0"]
[WhiteElo "2361"]
[BlackElo "1940"]
[PlyCount "93"]
[EventDate "2005.01.20"]

1. e4 d6 2. d4 Nf6 3. Bd3 g6 4. Nf3 Bg4 5. O-O Bg7 6. Nbd2 O-O 7. h3 Bc8 8. c3
Nc6 9. Nc4 Re8 10. e5 dxe5 11. dxe5 Nd5 12. a4 Nb6 13. Qe2 Be6 14. Bf4 Qc8 15.
Rfe1 Nxc4 16. Bxc4 Bxc4 17. Qxc4 e6 18. Bg5 h6 19. Bh4 Na5 20. Qe4 Nb3 21. Rad1
b6 22. Qc2 Nc5 23. b4 Nd7 24. Qd2 Nf8 25. Bf6 Qa6 26. a5 bxa5 27. Ra1 a4 28.
Bxg7 Kxg7 29. Qc2 Qc4 30. Nd2 Qb5 31. Rxa4 Red8 32. Ra5 Qb7 33. Qe4 Qc8 34. Nb3
c6 35. Rea1 Qc7 36. Ra6 Rdc8 37. R1a5 Nd7 38. Qd4 Nb6 39. Qc5 Nd7 40. Qd6 Qb7
41. Nc5 Nxc5 42. Qxc5 Rc7 43. c4 Kg8 44. Kh2 Kg7 45. Ra3 Qb8 46. Rd3 Qb7 47.
Ra4 1-0

[Event "XXII Open Eporediese"]
[Site "Ivrea ITA"]
[Date "2005.02.10"]
[Round "4"]
[White "Guglielmi, Nicolo'"]
[Black "Ranieri, Fabrizio"]
[Result "0-1"]
[WhiteElo "1980"]
[BlackElo "2211"]
[PlyCount "132"]
[EventDate "2005.01.20"]

1. Nf3 d5 2. d4 Nf6 3. c4 e6 4. Bg5 Nbd7 5. e3 c6 6. Nc3 a6 7. cxd5 exd5 8. Be2
Be7 9. O-O O-O 10. Qc2 Re8 11. Rfc1 Nf8 12. Na4 Ng6 13. Nc5 Bd6 14. b4 h6 15.
Bxf6 Qxf6 16. a4 Nh4 17. b5 Bf5 18. Qd1 axb5 19. axb5 Bxc5 20. Nxh4 Ba3 21.
Nxf5 Bxc1 22. Nxh6+ Qxh6 23. Rxc1 Ra2 24. bxc6 bxc6 25. Bf3 Qd6 26. Qb3 Rea8
27. g3 Qf6 28. Kg2 g5 29. Rc2 Rxc2 30. Qxc2 Kg7 31. Bg4 Qg6 32. Qf5 Qxf5 33.
Bxf5 Kf6 34. Bd7 Ra6 35. h3 Ke7 36. Bf5 Ra2 37. Kf3 Kf6 38. Bd7 Rc2 39. h4 gxh4
40. gxh4 c5 41. dxc5 Rxc5 42. Kg3 Rc3 43. Kf4 Rc1 44. Bg4 Rh1 45. h5 Rc1 46.
Bf3 Rc4+ 47. Kg3 d4 48. exd4 Rxd4 49. Be2 Kg5 50. Bf3 f5 51. Be2 Rb4 52. Bf3
Rb3 53. Kg2 Kf4 54. Bd5 Rb6 55. Bf3 Rb2 56. Bd5 Rb8 57. Kh3 Rd8 58. Bc6 Rh8 59.
Kh4 Rc8 60. Bg2 Rg8 61. Bh3 Rh8 62. Bg2 Rh7 63. Bc6 Rg7 64. h6 Rg6 65. Be8
Rxh6+ 66. Bh5 Rh7 0-1

[Event "XXII Open Eporediese"]
[Site "Ivrea ITA"]
[Date "2005.02.17"]
[Round "5"]
[White "Bruno, Fabrizio P."]
[Black "Turino, Luca"]
[Result "0-1"]
[WhiteElo "1940"]
[BlackElo "1676"]
[PlyCount "69"]
[EventDate "2005.01.20"]

1. e4 e5 2. Nf3 Nc6 3. Bc4 Bc5 4. Nc3 Nf6 5. d3 h6 6. a3 a6 7. Nd5 d6 8. h3 Be6
9. O-O Qd7 10. c3 Bxd5 11. exd5 Ne7 12. d4 exd4 13. Nxd4 O-O 14. b4 Bb6 15. Qf3
Ng6 16. Bb3 Ne5 17. Qg3 Ng6 18. Bb2 Bxd4 19. cxd4 Qf5 20. Rac1 Ne4 21. Qe3 Rfe8
22. Rxc7 Nc5 23. Qg3 Nf4 24. Bd1 Ne4 25. Qg4 Qf6 26. Bc1 Nxd5 27. Rxb7 Qxd4 28.
Bf3 Ndf6 29. Qh4 Qe5 30. Be3 Nd5 31. Bc1 Qf5 32. Bb2 Nf4 33. Re1 Nd2 34. Rxe8+
Rxe8 35. Qg4 0-1

[Event "XXII Open Eporediese"]
[Site "Ivrea ITA"]
[Date "2005.02.19"]
[Round "5"]
[White "Ranieri, Fabrizio"]
[Black "Castaldo, Folco"]
[Result "1/2-1/2"]
[WhiteElo "2211"]
[BlackElo "2361"]
[PlyCount "50"]
[EventDate "2005.01.20"]

1. e4 e5 2. Nf3 Nc6 3. Bc4 Bc5 4. d3 Nf6 5. Nc3 d6 6. a3 Be6 7. Bxe6 fxe6 8.
Na4 Bb6 9. Nxb6 axb6 10. O-O O-O 11. Bg5 h6 12. Be3 Qe8 13. c3 Qg6 14. Nh4 Qf7
15. Qe2 g5 16. Nf3 Qg6 17. Nd2 Kg7 18. f3 Rf7 19. b4 Nh5 20. g3 Kh7 21. Kh1
Raf8 22. a4 Nf6 23. a5 bxa5 24. b5 Ne7 25. Rxa5 b6 1/2-1/2

[Event "XXII Open Eporediese"]
[Site "Ivrea ITA"]
[Date "2005.02.24"]
[Round "6"]
[White "Castaldo, Folco"]
[Black "Turino, Luca"]
[Result "1-0"]
[WhiteElo "2361"]
[BlackElo "1676"]
[PlyCount "41"]
[EventDate "2005.01.20"]

1. f4 d5 2. Nf3 c5 3. e3 Nc6 4. Bb5 Bg4 5. h3 Bd7 6. O-O Nf6 7. d3 a6 8. Bxc6
bxc6 9. c4 Qc8 10. Ne5 e6 11. b3 Be7 12. Nc3 O-O 13. Na4 Qc7 14. Ba3 Qa5 15.
Qe1 Qxe1 16. Rfxe1 Rfb8 17. Bxc5 Bxc5 18. Nxc5 Be8 19. g4 Kf8 20. g5 Ng8 21.
Ned7+ 1-0